Miasta Polskie na Literę J - Statystyki

Ogólne statystyki
  • Ten quiz został rozwiązany 53 razy
    6 od ostatniego zresetowania
  • Średni wynik to 23 z 34
Statystyki odpowiedzi
województwo Miasto % Poprawnych
wielkopolskie Jarocin
100%
podkarpackie Jarosław
100%
śląskie Jastrzębie-Zdrój
100%
dolnośląskie Jawor
100%
śląskie Jaworzno
100%
kujawsko-pomorskie Janikowo
75%
śląskie Janów
75%
lubelskie Janów Lubelski
75%
lubelskie Janów Podlaski
75%
podkarpackie Jasło
75%
pomorskie Jastarnia
75%
podkarpackie Jawornik Polski
75%
świętokrzyskie Jędrzejów
75%
podlaskie Jedwabne
75%
łódzkie Jeżów
75%
lubelskie Józefów
75%
mazowieckie Józefów
75%
kujawsko-pomorskie Jabłonowo Pomorskie
50%
mazowieckie Jadów
50%
kujawsko-pomorskie Janowiec Wielkopolski
50%
wielkopolskie Jaraczewo
50%
lubuskie Jasień
50%
wielkopolskie Jastrowie
50%
mazowieckie Jastrząb
50%
dolnośląskie Jaworzyna Śląska
50%
podkarpackie Jedlicze
50%
dolnośląskie Jedlina-Zdrój
50%
mazowieckie Jedlnia-Letnisko
50%
dolnośląskie Jelcz-Laskowice
50%
dolnośląskie Jelenia Góra
50%
warmińsko-mazurskie Jeziorany
50%
małopolskie Jordanów
50%
lubelskie Józefów nad Wisłą
50%
wielkopolskie Jutrosin
50%
Nie znaleziono quizów pasujących do podanych kryteriów
Rozkład punktacji
Procent ludzi z każdym wynikiem
Percentyl według liczby udzielonych odpowiedzi
Twoja historia wyników
Nie rozwiązałeś tego quizu od ostatniego zresetowania